000 00833nam a2200217Ia 4500
001 14684
003 GE_BSU
008 181216s||||||||xx |||||||||||||| ||und||
040 _cGE_BSU
080 _a322(470:479)+271.22(470)+325.3(470:479)
100 _aპავლიაშვილი,ქეთევან
245 _aსაეკლესიო გლობალიზაციის ისტორია კავკასიაში
245 _cრედ. მიტროპოლიტი ანანია(ჯაფარიძე)
260 _aთბილისი
260 _bდანი
260 _c2008
300 _a486გვ.
541 _h20ლ.
653 _aსაეკლესიო გლობალიზაციის ისტორია კავკასიაში
942 _cBK
999 _c47810
_d47810